Bilecik Bilecik Bilecik Bilecik Bilecik

Şark meselesi ışığında Şeyh Sait olayı, karakteri, dönemindeki iç ve dış olaylar/ (Record no. 4360)

MARC details
000 -BAŞLIK
Sabit Uzunluktaki Kontrol Alanı 01163nam a22003497a 4500
001 - KONTROL NUMARASI
Control Dosyası 0004378
003 - KONTROL NUMARASI KİMLİĞİ
Kontrol Alanı KOHA_MİRAKIL
005 - EN SON İŞLEM TARİHİ ve ZAMANI
Kontrol Alanı 20260207001410.0
007 - FİZİKSEL TANIM SABİT ALAN - GENEL BİLGİ
Sabit uzunluklu kontrol alanı ta
008 - SABİT UZUNLUKTAKİ VERİ ÖGELERİ - GENEL BİLGİ
Sabit Alan 090507b1992 tu a|||gr||||#0|||0|tur |
020 ## - ISBN - ULUSLARARASI STANDART KİTAP NUMARASI
Isbn 9754510830
040 ## - KATALOGLAMA KAYNAĞI
Özgün Kataloglama Kurumu TR-BiSEU
Kataloglama Dili tur
Çeviri Kurumu TR-BiSEU
Açıklama Kuralları rda
041 0# - DİL KODU
Metin ya da ses kaydının dil kodu tur
044 ## - YAYINLAYAN/ÜRETEN KURULUŞUN ÜLKE KODU
ISO country code tu
050 ## - SINIFLAMA ve YER NUMARASI
Sınıflama Numarası DR435
Yer Numarası .K35 1992
100 1# - KİŞİ ADI
Yazar Adı (Kişi adı) Kalafat, Yaşar.
245 1# - ESER ADI BİLDİRİMİ
Başlık Şark meselesi ışığında Şeyh Sait olayı, karakteri, dönemindeki iç ve dış olaylar/
Sorumluluk Bildirimi Yaşar Kalafat ; Yaşar Kalafat.
264 #1 - ÜRERİM, YAYIN, DAĞITIM ve TELİF BİLDİRİMİ
Yayın yeri Ankara :
Yayınlayan Boğaziçi Yayınları
Yayın tarihi 1992
300 ## - FİZİKSEL TANIMLAMA
Sayfa, Cilt vb. VII, 407 sayfa :
Diğer fiziki detaylar resimli ;
Boyutları 16 cm
336 ## - İÇERİK TÜRÜ
Content type term metin
Content type code txt
Source rdacontent
337 ## - MEDYA TÜRÜ
Media type term aracısız
Media type code n
Source rdamedia
338 ## - TAŞIYICI TÜRÜ
Carrier type term cilt
Carrier type code nc
Source rdacarrier
490 1# - DİZİ BİLDİRİMİ
Dizi Bildirimi Boğaziçi İlmî Araştırmalar serisi ;
Cilt Numarası 11
500 ## - GENEL NOT
Genel Not Kaynakça ve dizin var.
650 #0 - KONU BAŞLIĞI EK GİRİŞ - KONU TERİMİ
Konusal terim veya coğrafi ad Kurtuluş Savaşı, 1918-1923.
9 (RLIN) 4932
650 #0 - KONU BAŞLIĞI EK GİRİŞ - KONU TERİMİ
Konusal terim veya coğrafi ad Kurds--Turkey Eastern.
9 (RLIN) 10761
650 #0 - KONU BAŞLIĞI EK GİRİŞ - KONU TERİMİ
Konusal terim veya coğrafi ad Conspiracies--Turkey Eastern.
9 (RLIN) 10762
650 #0 - KONU BAŞLIĞI EK GİRİŞ - KONU TERİMİ
Konusal terim veya coğrafi ad Türk İnkılap Tarihi.
9 (RLIN) 10763
830 1# - SERİ EK GİRİŞİ - TEKBİÇİM ESER ADI
Tekbiçim Başlık Boğaziçi İlmî Araştırmalar serisi ;
Volume number/sequential designation 11
9 (RLIN) 10764
907 ## - LOCAL DATA ELEMENT G, LDG (RLIN)
a Tarih
942 ## - EK GİRİŞ ÖGELERİ (KOHA)
Source of classification or shelving scheme Library of Congress Classification
Koha item type Book
Holdings
Materyal Türü Kalıcı Konum Mevcut Konum Raf Yeri Sınıflandırma Kaynağı Edinim Bilgisi Ana Konular Alt Konular Yer Numarası Demirbaş Numarası Fatura Tarihi Maliyet, Alış Fiyatı Maliyet, Yenileme Fiyatı Geri Çekilme Durumu Kayıp Durumu Hasarlı Durumu Kredi için değil Kayıt Tarih Toplam Ödünçverme Son Görülme Tarihi Son Kontrol Tarihi Genel / Bağış Notu
Book Prof. Dr. Azmi Özcan Kütüphanesi Prof. Dr. Azmi Özcan Kütüphanesi Uluğbey Salonu Library of Congress Classification Bağış DÜNYA TARİHİ (AVRUPA, ASYA, AFRİKA VB.) Balkan Yarımadası DR435 .K35 1992 0004378 13/08/2010 4.00 4.00         07/05/2009 4 05/12/2024 05/12/2024 Genel Bağış